000 00283nam a2200097Ia 4500
001 1253378
005 20251031150952.0
008 251031s9999 xx 000 0 und d
245 0 _cZEKİ ATÇEKEN
_aY-5 SELÇUKLU MÜESSESELERİ VE MEDENİYETİ TARİHİ
260 _bEĞİTİM YAYINLARI
999 _c1253378
_d1253378